[Event "ChFRA Feminin Rapide"]
[Site "Villandry"]
[Date "2017.06.11"]
[Round "8.2"]
[White "Collas, Silvia"]
[Black "Navrotescu, Andreea"]
[Result "0-1"]
[WhiteElo "2250"]
[BlackElo "2310"]
[PlyCount "80"]
[EventDate "2017.??.??"]

1. c4 e5 2. Nc3 Nf6 3. Nf3 Nc6 4. e4 a6 5. Be2 Bc5 6. Nxe5 Nxe5 7. d4 Bb4 8.
dxe5 Nxe4 9. Qd3 Nxc3 10. bxc3 Bc5 11. Qg3 g6 12. Bh6 Bf8 13. Bxf8 Kxf8 14. O-O
Kg7 15. Rad1 Qe7 16. f4 d6 17. Bf3 dxe5 18. fxe5 c6 19. Rd6 Be6 20. c5 Bxa2 21.
e6 Bxe6 22. Qe5+ Qf6 23. Qxf6+ Kxf6 24. Bxc6+ Ke7 25. Bxb7 Ra7 26. Bxa6 Rha8
27. Ra1 Rc7 28. Rb6 Rxc5 29. Ra3 Kf8 30. Kf2 Bc4 31. Ke3 Bxa6 32. Kd4 Rc4+ 33.
Kd5 Rd8+ 34. Ke5 Rc5+ 35. Kf4 Bf1 36. g4 Rc4+ 37. Kg3 Rd3+ 38. Kf2 Rf4+ 39. Ke1
Bh3 40. g5 Bg4 0-1

[Event "ChFRA Feminin Rapide"]
[Site "Villandry"]
[Date "2017.06.11"]
[Round "8.3"]
[White "Maisuradze, Nino"]
[Black "Fruteau, Sabine"]
[Result "0-1"]
[WhiteElo "2560"]
[BlackElo "2140"]
[PlyCount "74"]
[EventDate "2017.??.??"]

1. d4 Nf6 2. Nf3 e6 3. Bf4 d5 4. e3 c5 5. c3 Nc6 6. Nbd2 Bd6 7. Bg3 O-O 8. Bd3
c4 9. Bb1 b5 10. Qc2 g6 11. Ne5 Bxe5 12. dxe5 Nd7 13. f4 a5 14. a3 Bb7 15. h4
h5 16. Bf2 b4 17. Rg1 Nc5 18. Qd1 f5 19. exf6 Qxf6 20. Bc2 bxc3 21. bxc3 Qxc3
22. g4 e5 23. Bxg6 exf4 24. gxh5 Qf6 25. Rc1 Ne5 26. Qg4 Nxg6 27. Qxf4 Qxf4 28.
exf4 Rf6 29. Rc3 Nd3+ 30. Rxd3 cxd3 31. Nb3 Raf8 32. Rxg6+ Rxg6 33. hxg6 Ba6
34. h5 Kg7 35. Bg3 Rf5 36. Nd4 Rxh5 37. Ne6+ Kg8 0-1

[Event "ChFRA Feminin Rapide"]
[Site "Villandry"]
[Date "2017.06.11"]
[Round "8.4"]
[White "Seite, Yamina"]
[Black "Benmesbah, Natacha"]
[Result "0-1"]
[WhiteElo "1850"]
[BlackElo "2390"]
[PlyCount "114"]
[EventDate "2017.??.??"]

1. e4 c5 2. Nc3 Nc6 3. Bb5 Nd4 4. Bc4 e6 5. Nf3 a6 6. d3 Ne7 7. O-O Nec6 8.
Nxd4 Nxd4 9. f4 b5 10. Bb3 Be7 11. Be3 Nxb3 12. axb3 Bb7 13. e5 d5 14. exd6
Qxd6 15. Ne4 Qc6 16. Qf3 O-O 17. f5 exf5 18. Qxf5 c4 19. bxc4 bxc4 20. Rf3 cxd3
21. cxd3 Qd5 22. Qxd5 Bxd5 23. Raf1 Rab8 24. Rf5 Be6 25. R5f2 Rfd8 26. Nc5 Bxc5
27. Bxc5 Rxd3 28. b4 h6 29. Ra1 Bc4 30. Rf4 Bb5 31. Re1 Rbd8 32. Re7 Rd1+ 33.
Kf2 Rf1+ 34. Kg3 Rxf4 35. Kxf4 Rd2 36. Kg3 Bf1 37. Bf2 Rb2 38. Rb7 Rb3+ 39. Kf4
Bxg2 40. Ra7 Rxb4+ 41. Kg3 Bf1 42. h4 g5 43. hxg5 hxg5 44. Bc5 Rc4 45. Be7 g4
46. Rd7 Kg7 47. Rd5 Be2 48. Ra5 Rc6 49. Bd8 f6 50. Rf5 Kg6 51. Rf2 Bf3 52. Ba5
f5 53. Bd2 Kf6 54. Rh2 Ke5 55. Bf4+ Ke4 56. Rh5 Rc2 57. Rh2 Rxh2 0-1

[Event "ChFRA Feminin Rapide"]
[Site "Villandry"]
[Date "2017.06.11"]
[Round "9.1"]
[White "Fruteau, Sabine"]
[Black "Leconte, Maria"]
[Result "0-1"]
[WhiteElo "2140"]
[BlackElo "2390"]
[PlyCount "123"]
[EventDate "2017.??.??"]

1. e4 d6 2. d4 Nf6 3. Bd3 e5 4. c3 Nc6 5. Nf3 Be7 6. d5 Nb8 7. c4 Nbd7 8. Nc3
Nf8 9. Ne2 h5 10. Bd2 h4 11. Qa4+ Bd7 12. Qb3 Qc8 13. h3 Ng6 14. O-O-O Nh5 15.
Kb1 O-O 16. Rdg1 f5 17. Bg5 fxe4 18. Bxe4 Bf5 19. Qc2 Bxe4 20. Qxe4 Qf5 21.
Qxf5 Rxf5 22. Bxe7 Nxe7 23. Nxh4 Rxf2 24. Re1 Raf8 25. Nf3 Rxg2 26. Nh4 Rxe2
27. Rxe2 Ng3 28. Rhe1 Nxe2 29. Rxe2 Rf1+ 30. Kc2 Rf4 31. Ng2 Rxc4+ 32. Kb3 Rd4
33. Re3 Nxd5 34. Rg3 Nf4 35. Ne1 Re4 36. Nc2 Ne2 37. Rg2 Nd4+ 38. Nxd4 Rxd4 39.
Kc3 Rf4 40. Rg3 Kf7 41. b3 c5 42. a4 d5 43. Kd3 e4+ 44. Ke2 Rf3 45. Rg5 Rd3 46.
h4 Kf6 47. Kf2 Rf3+ 48. Ke2 Rf5 49. Rg3 d4 50. Rg4 Re5 51. Rf4+ Ke6 52. Rg4 Kf7
53. Rf4+ Kg6 54. Rg4+ Kh6 55. Kd2 e3+ 56. Ke2 Rf5 57. Re4 Rf2+ 58. Kd3 Rd2+ 59.
Kc4 e2 60. Kxc5 d3 61. Kc4 Rd1 62. Kd4 0-1

[Event "ChFRA Feminin Rapide"]
[Site "Villandry"]
[Date "2017.06.11"]
[Round "9.2"]
[White "Navrotescu, Andreea"]
[Black "Soubirou, Oriane"]
[Result "1-0"]
[WhiteElo "2310"]
[BlackElo "2210"]
[PlyCount "97"]
[EventDate "2017.??.??"]

1. Nf3 e6 2. g3 f5 3. Bg2 Nf6 4. O-O d6 5. d3 Be7 6. Nc3 Nc6 7. e4 fxe4 8. dxe4
e5 9. Nd5 O-O 10. Nxf6+ Bxf6 11. c3 Be6 12. Be3 Na5 13. b3 Nc6 14. Qd2 a5 15.
Ng5 Bxg5 16. Bxg5 Qe8 17. f4 h6 18. Bh4 exf4 19. gxf4 a4 20. f5 Bf7 21. f6 Ne5
22. fxg7 Kxg7 23. c4 axb3 24. axb3 Rxa1 25. Rxa1 Bg6 26. Qc3 Kh7 27. Bg3 Ng4
28. h3 Ne5 29. c5 Qe7 30. Ra7 Qg7 31. Kh1 Rb8 32. Ra1 Rf8 33. Rd1 Nc6 34. Qxg7+
Kxg7 35. cxd6 cxd6 36. Rxd6 Re8 37. Rd7+ Re7 38. Rxe7+ Nxe7 39. e5 Nc6 40. Bd5
Bc2 41. Kg2 Nd4 42. b4 Nc6 43. b5 Na5 44. Be1 Nb3 45. Bxb7 Nd4 46. b6 Kf7 47.
Bc3 Nb5 48. Bd5+ Ke7 49. b7 1-0

[Event "ChFRA Feminin Rapide"]
[Site "Villandry"]
[Date "2017.06.11"]
[Round "9.3"]
[White "Benmesbah, Natacha"]
[Black "Collas, Silvia"]
[Result "0-1"]
[WhiteElo "2390"]
[BlackElo "2250"]
[PlyCount "56"]
[EventDate "2017.??.??"]

1. e4 c5 2. Nc3 e6 3. Nf3 Nc6 4. g3 Nf6 5. Bg2 d5 6. exd5 exd5 7. O-O d4 8. Ne2
Bd6 9. d3 O-O 10. c3 dxc3 11. bxc3 Bf5 12. d4 c4 13. Bf4 Nd5 14. Qd2 Bd3 15.
Bxd6 Qxd6 16. Rfe1 Rfe8 17. Nc1 Be4 18. a4 f5 19. Ne2 Na5 20. Ra2 Nb3 21. Qg5
h6 22. Qh5 Nf6 23. Qh4 Nd5 24. Ne5 Bxg2 25. Kxg2 f4 26. gxf4 Rf8 27. Nxc4 Qc6
28. Ne5 Ne3+ 0-1

[Event "ChFRA Feminin Rapide"]
[Site "Villandry"]
[Date "2017.06.11"]
[Round "9.4"]
[White "Roumegous, Marina"]
[Black "Maisuradze, Nino"]
[Result "0-1"]
[WhiteElo "2260"]
[BlackElo "2560"]
[PlyCount "76"]
[EventDate "2017.??.??"]

1. d4 Nf6 2. Nf3 d5 3. c4 e6 4. e3 Be7 5. Nc3 O-O 6. Be2 Nbd7 7. O-O a6 8. b3
b6 9. cxd5 exd5 10. Bb2 Bd6 11. Na4 Re8 12. Rc1 Ne4 13. Qc2 Ra7 14. Rfd1 f5 15.
Nc3 Bb7 16. Bd3 Ra8 17. Ne2 Rc8 18. Qb1 Qe7 19. Ng3 g6 20. Rc2 h5 21. Nf1 h4
22. N3d2 h3 23. g3 c5 24. Be2 cxd4 25. Rxc8 Rxc8 26. Nxe4 fxe4 27. Bxd4 Rf8 28.
Bg4 Nc5 29. Bxh3 Nd3 30. f4 Bb4 31. Bxb6 g5 32. Rxd3 exd3 33. Qxd3 Qe4 34. Qxe4
dxe4 35. Be6+ Kh7 36. fxg5 Bc8 37. Bxc8 Rxc8 38. h4 Kg6 0-1

[Event "ChFRA Feminin Rapide"]
[Site "Villandry"]
[Date "2017.06.11"]
[Round "10.1"]
[White "Navrotescu, Andreea"]
[Black "Leconte, Maria"]
[Result "0-1"]
[WhiteElo "2560"]
[BlackElo "2390"]
[PlyCount "106"]
[EventDate "2017.??.??"]

1. c4 e5 2. Nc3 d6 3. g3 g6 4. Bg2 Nc6 5. e4 Bg7 6. Nge2 Nh6 7. h4 Bg4 8. f3
Be6 9. d3 Qd7 10. Nd5 O-O-O 11. Bg5 Rde8 12. Qd2 Ng8 13. O-O-O h6 14. Be3 f5
15. Kb1 Kb8 16. d4 Nge7 17. Nxe7 Nxe7 18. d5 Bf7 19. Qa5 b6 20. Qa6 Nc8 21. Nc3
c6 22. dxc6 Qxc6 23. Nd5 Be6 24. Rd3 Bd7 25. Ra3 Qb7 26. Nb4 Qxa6 27. Nxa6+ Kb7
28. f4 Bc6 29. Nb4 Bxe4+ 30. Bxe4+ fxe4 31. Rf1 Rhf8 32. Nd5 exf4 33. Nxf4 g5
34. hxg5 hxg5 35. Kc1 gxf4 36. Bxf4 Be5 37. Re3 Bxf4 38. gxf4 Kc6 39. Kd2 Rf5
40. Kc3 d5 41. cxd5+ Rxd5 42. Rfe1 Nd6 43. a4 Rf8 44. Rf1 Rff5 45. b4 b5 46. a5
Kd7 47. Rg3 a6 48. Rg7+ Kc6 49. Rg3 Nc4 50. Rg6+ Rd6 51. Rg3 e3 52. Rff3 e2 53.
Rg1 Rd1 0-1